| 000 | 00335nam a22001337a 4500 | ||
|---|---|---|---|
| 008 | 230606b xxu||||| |||| 00| 0 eng d | ||
| 020 | _a0713656182 | ||
| 082 |
_a617.102720 _bGRI |
||
| 100 | _cVivian Grisogono | ||
| 245 | _aSports Injuries | ||
| 260 |
_aLondon _bA & C Black(Publishers) Limited _c1989 |
||
| 300 | _a32 p | ||
| 942 |
_2ddc _cBK |
||
| 999 |
_c720 _d720 |
||